[Event "2.Bl-West"]
[Site "Jenbach"]
[Date "2003.11.14"]
[Round "3"]
[Board "3"]
[White "Unzicker, Ferdinand"]
[Black "Hugentobler, Patrick"]
[Result "1-0"]
[WhiteElo "2290"]
[BlackElo "2262"]
[PlyCount "107"]

1.c4 e5 2.g3 Nf6 3.Bg2 d5 4.cxd5 Nxd5 5.Nf3 Nc6 6.d3 Be7 7.O-O O-O 8.Nbd2 Be6
9.a3 Qd7 10.Re1 a5 11.b3 f6 12.Qc2 Nb6 13.Bb2 a4 14.b4 Na7 15.d4 exd4 16.Nxd4 c6
17.Nxe6 Qxe6 18.Be4 f5 19.Bd3 Kh8 20.Bd4 Nd7 21.Rad1 Nb5 22.Bb2 Nd6 23.Nf3 Bf6
24.Nd4 Bxd4 25.Bxd4 Ne5 26.Qc3 Rfe8 27.Qa1 Re7 28.Bb2 Ne4 29.Bxe4 fxe4 30.Bxe5
Qxe5 31.Qxe5 Rxe5 32.Rd7 b5 33.Red1 h6 34.Rc7 Rd5 35.Rxd5 cxd5 36.Kf1 Rd8 37.Ke1
d4 38.Re7 Rc8 39.Rxe4 Rc3 40.Rxd4 Rxa3 41.Rd5 Ra1+ 42.Kd2 Rf1 43.Rxb5 Rxf2
44.Ra5 Rxh2 45.Rxa4 Rh5 46.Ra3 Rd5+ 47.Rd3 Re5 48.Re3 Rf5 49.Kc3 h5 50.Kd4 Rg5
51.Rb3 Rg4+ 52.Kd5 g5 53.b5 h4 54.b6

[Event "2.Bl-West"]
[Site "Jenbach"]
[Date "2003.11.14"]
[Round "3"]
[Board "4"]
[White "Bezler, Rainer"]
[Black "Lederwasch, Bernhard"]
[Result "1-0"]
[WhiteElo "2228"]
[BlackElo "2193"]
[PlyCount "128"]

1.e4 c5 2.Nf3 Nc6 3.d4 cxd4 4.Nxd4 Nf6 5.Nc3 d6 6.Bg5 Bd7 7.f3 Rc8 8.Qd2 Nxd4
9.Qxd4 Qa5 10.Be3 a6 11.O-O-O g6 12.Be2 Bg7 13.Qb6 Qxb6 14.Bxb6 h5 15.Nd5 Nxd5
16.exd5 Bf5 17.Bd3 Kd7 18.a4 Be5 19.a5 h4 20.h3 Rh5 21.Rhe1 Rhh8 22.Re2 Rhe8
23.Bf2 Rh8 24.c3 Bxd3 25.Rxd3 Rc4 26.Re4 Rxe4 27.fxe4 f5 28.Kc2 e6 29.Rf3 f4
30.c4 exd5 31.exd5 Rh5 32.Be1 Rg5 33.Rf2 Rh5 34.Kd3 Rg5 35.Rc2 Rf5 36.Bxh4 f3
37.g4 Rf8 38.Bf2 g5 39.Ke3 Rh8 40.Kxf3 Rxh3+ 41.Ke4 Rh2 42.b4 Bg3 43.Kf3 Be5
44.c5 Rh3+ 45.Ke4 Rc3 46.Ra2 Rc4+ 47.Kf5 Bf4 48.Rb2 Be5 49.Ra2 Bf4 50.Rb2 Be5
51.Re2 Bf4 52.Re4 Rxe4 53.Kxe4 Bd2 54.Bg3 dxc5 55.bxc5 Bxa5 56.Be5 Bd2 57.Bd4 a5
58.Kd3 Bc1 59.Kc2 Bf4 60.Kb3 Bd2 61.Ka4 Kc8 62.Kb5 Kc7 63.Be5+ Kc8 64.Kb6 Be1

[Event "2.Bl-West"]
[Site "Jenbach"]
[Date "2003.11.14"]
[Round "3"]
[Board "5"]
[White "Sprenger, Wendelin"]
[Black "Gattenloehner, Sebastian"]
[Result "0-1"]
[WhiteElo "2153"]
[BlackElo "2218"]
[PlyCount "57"]

1.e4 c5 2.Nf3 e6 3.d4 cxd4 4.Nxd4 a6 5.Bd3 Bc5 6.Nb3 Ba7 7.N1d2 d6 8.O-O Nf6
9.Nc4 Qc7 10.Bf4 e5 11.Bg5 Nbd7 12.Re1 h6 13.Bh4 g5 14.Bg3 Nf8 15.Bf1 Ke7 16.Qd2
Be6 17.Qb4 Bxc4 18.Bxc4 Ng6 19.Rad1 h5 20.h3 h4 21.Bh2 g4 22.Kf1 b5 23.Be2 Qb6
24.Nd4 exd4 25.e5 Nd5 26.Qxd6+ Qxd6 27.exd6+ Kd8 28.Bxg4 Nf6 29.Rd2

[Event "2.Bl-West"]
[Site "Jenbach"]
[Date "2003.11.14"]
[Round "3"]
[Board "1"]
[White "Westermeier, Arnulf"]
[Black "Dobosz, Henryk"]
[Result "1/2-1/2"]
[WhiteElo "2297"]
[BlackElo "2457"]
[PlyCount "35"]

1.e4 e6 2.d4 d5 3.e5 Ne7 4.Nf3 b6 5.c3 Qd7 6.a4 c6 7.a5 Ba6 8.Bxa6 Nxa6 9.O-O
Nc7 10.axb6 axb6 11.Rxa8+ Nxa8 12.Qa4 Nc7 13.Be3 Nc8 14.b3 b5 15.Qa5 Be7 16.Na3
O-O 17.Rc1 Bd8 18.c4

[Event "2.Bl-West"]
[Site "Jenbach"]
[Date "2003.11.14"]
[Round "3"]
[Board "2"]
[White "Schmidlechner, Alexander"]
[Black "Juergens, Klaus"]
[Result "1/2-1/2"]
[WhiteElo "2208"]
[BlackElo "2162"]
[PlyCount "111"]

1.d4 Nf6 2.c4 g6 3.Nc3 Bg7 4.e4 d6 5.f4 O-O 6.Nf3 Na6 7.Bd3 e5 8.fxe5 dxe5 9.d5
Nc5 10.Bc2 a5 11.O-O Qe7 12.Qe2 Bd7 13.Bg5 h6 14.Bh4 g5 15.Bf2 Ng4 16.Bg3 h5
17.h3 Nh6 18.Nd2 h4 19.Bf2 g4 20.hxg4 Nxg4 21.Nf3 Nxf2 22.Qxf2 h3 23.g3 f5
24.exf5 Bxf5 25.Bxf5 Rxf5 26.Qe3 Raf8 27.Nd2 Rxf1+ 28.Rxf1 Rxf1+ 29.Nxf1 e4
30.Nd2 Bxc3 31.bxc3 b6 32.Kh2 Qh7 33.Nb3 Nd3 34.Nd4 Qg6 35.Nc6 Qg4 36.Nd4 Ne5
37.Qf4 Qxf4 38.gxf4 Nxc4 39.Kxh3 Ne3 40.c4 Nxc4 41.Nb5 Nd6 42.Nxc7 b5 43.Kg4 b4
44.Ne6 a4 45.Nc5 e3 46.Kf3 b3 47.axb3 a3 48.b4 Nc4 49.d6 Kf7 50.d7 Ke7 51.f5 a2
52.f6+ Kd8 53.f7 Ne5+ 54.Kxe3 Nxf7 55.Nb3 Kxd7 56.Kd3

[Event "2.Bl-West"]
[Site "Jenbach"]
[Date "2003.11.14"]
[Round "3"]
[Board "3"]
[White "Teufl, Siegfried"]
[Black "Eisenbeiser, Amadeus"]
[Result "0-1"]
[WhiteElo "2192"]
[BlackElo "2223"]
[PlyCount "110"]

1.Nf3 g6 2.g3 Bg7 3.Bg2 e5 4.d3 Ne7 5.c4 c6 6.Nc3 d5 7.Qa4 O-O 8.Bg5 f6 9.Bd2
Be6 10.O-O Nd7 11.cxd5 Nb6 12.Qb3 Nexd5 13.Nxd5 Bxd5 14.Qb4 Re8 15.Be3 Bf8
16.Qc3 Be6 17.Qd2 Nd5 18.Bh6 Bb4 19.Qc1 Qb6 20.a3 Be7 21.Nd2 Rad8 22.b4 Qc7
23.Ne4 Bf8 24.Bxf8 Rxf8 25.Qc5 Qb6 26.Rfc1 Bf5 27.Rc2 Nc7 28.a4 Bxe4 29.Bxe4 Ne6
30.Qc4 Rd6 31.a5 Qd4 32.Rac1 Qxc4 33.Rxc4 a6 34.Kf1 Kf7 35.R1c3 f5 36.Bg2 Rfd8
37.f4 exf4 38.gxf4 Rd4 39.Kf2 Nxf4 40.Bf3 Ne6 41.Ke3 Kf6 42.Kd2 Rxc4 43.Rxc4 Rd4
44.e3 Rxc4 45.dxc4 Ng5 46.Bg2 Ke5 47.Kc3 Ne4+ 48.Kb3 g5 49.Kc2 h5 50.Kd3 g4
51.Ke2 h4 52.Ke1 h3 53.Bf1 g3 54.Bxh3 gxh2 55.Bg2 Ng3

[Event "2.Bl-West"]
[Site "Jenbach"]
[Date "2003.11.14"]
[Round "3"]
[Board "4"]
[White "Lutzenberger, Reimund"]
[Black "Loeffler, Christoph"]
[Result "1/2-1/2"]
[WhiteElo "2177"]
[BlackElo "2147"]
[PlyCount "80"]

1.e4 d5 2.exd5 Nf6 3.d4 Nxd5 4.Nf3 g6 5.Bc4 Bg7 6.O-O O-O 7.Re1 Nb6 8.Bb3 N8d7
9.Bg5 Nf6 10.Qe2 h6 11.Bh4 e6 12.Nc3 a5 13.a3 a4 14.Ba2 Nbd5 15.Ne4 Nf4 16.Qc4
g5 17.Nxf6+ Qxf6 18.Bg3 c6 19.Rad1 Bd7 20.Ne5 Rfd8 21.Qb4 Be8 22.c4 b5 23.Bb1 c5
24.Qxc5 Bf8 25.Ng4 Qg7 26.Qe5 Qxe5 27.dxe5 Ne2+ 28.Kf1 Nxg3+ 29.hxg3 bxc4
30.Nf6+ Kg7 31.Be4 Rac8 32.Rxd8 Rxd8 33.Nxe8+ Rxe8 34.Rc1 Rc8 35.Ke2 c3 36.Rxc3
Rxc3 37.bxc3 Bxa3 38.Bc6 Bb2 39.Kd3 a3 40.Kc2 h5

[Event "2.Bl-West"]
[Site "Jenbach"]
[Date "2003.11.14"]
[Round "3"]
[Board "5"]
[White "Besner, Bernhard"]
[Black "Kranz, Armin"]
[Result "0-1"]
[WhiteElo "2167"]
[BlackElo "2146"]
[PlyCount "110"]

1.e4 e5 2.Nf3 Nf6 3.Bc4 Nc6 4.Ng5 d5 5.exd5 Na5 6.Bb5+ Bd7 7.Qe2 Bd6 8.Nc3 c6
9.dxc6 Nxc6 10.Nce4 Nxe4 11.Nxe4 Be7 12.c3 O-O 13.O-O f5 14.Nc5 Bxc5 15.Qc4+ Kh8
16.Qxc5 Qf6 17.d3 Rac8 18.Qe3 a6 19.Bc4 f4 20.Qe2 Qh4 21.f3 Rf6 22.Bd5 Rg6
23.Bd2 Rh6 24.g4 Qf6 25.Rae1 Qh4 26.Qf2 Qg5 27.Re2 Rh3 28.Rfe1 h5 29.Bxc6 Bxc6
30.Rxe5 Qg6 31.Qc5 hxg4 32.Rg5 Qf6 33.Rh5+ Kg8 34.Qc4+ Qf7 35.Rh8+ Rxh8 36.Qb4
gxf3 37.Bxf4 f2+ 38.Kxf2 Rxh2+ 39.Kf1 Rh1+ 40.Kf2 Rxe1 41.Kxe1 Re8+ 42.Kd2 Qe6
43.Kc2 Qxa2 44.Kd2 Qd5 45.Kc2 Re2+ 46.Bd2 Qg5 47.c4 Ba4+ 48.Kb1 Qxd2 49.Qxb7
Qxd3+ 50.Ka1 Re1+ 51.Ka2 Qxc4+ 52.b3 Qc2+ 53.Ka3 Ra1+ 54.Kb4 Qxb3+ 55.Ka5 Be8#

[Event "2.Bl-West"]
[Site "Jenbach"]
[Date "2003.11.14"]
[Round "3"]
[Board "6"]
[White "Wallis, Anton"]
[Black "Scheiblmaier, Robert"]
[Result "1/2-1/2"]
[WhiteElo "2136"]
[BlackElo "2142"]
[PlyCount "34"]

1.e4 e6 2.d4 d5 3.Nd2 Nf6 4.e5 Nfd7 5.f4 c5 6.c3 cxd4 7.cxd4 Nc6 8.Ndf3 Qb6 9.g3
Bb4+ 10.Kf2 g5 11.Be3 f6 12.Bh3 gxf4 13.gxf4 Be7 14.Ne2 Qxb2 15.Bxe6 Nb6 16.Bxc8
Rxc8 17.Qb3 Qxb3

[Event "2.Bl-West"]
[Site "Jenbach"]
[Date "2003.11.14"]
[Round "3"]
[Board "1"]
[White "Heinzel, Olaf"]
[Black "Umansky, Mikhail"]
[Result "0-1"]
[WhiteElo "2358"]
[BlackElo "2452"]
[PlyCount "62"]

1.d4 Nf6 2.Bg5 d5 3.Bxf6 exf6 4.e3 Bd6 5.Bd3 O-O 6.Nd2 Re8 7.Qf3 c5 8.dxc5 Bxc5
9.O-O-O Nc6 10.Nb3 Bb6 11.Bb5 Be6 12.Nh3 a6 13.Bxc6 bxc6 14.Nf4 Bd7 15.g4 a5
16.Nd4 a4 17.Nh5 Bc5 18.h4 Qa5 19.Rd3 Rab8 20.g5 Qb4 21.Nxf6+ gxf6 22.gxf6 Kh8
23.Qh5 Rg8 24.Qxf7 Bxd4 25.Rxd4 Qxb2+ 26.Kd2 Bf5 27.Rc1 c5 28.Rf4 c4 29.Rxf5 c3+
30.Ke2 Qxc1 31.Qxd5 Rbd8

[Event "2.Bl-West"]
[Site "Jenbach"]
[Date "2003.11.14"]
[Round "3"]
[Board "2"]
[White "Klundt, Klaus"]
[Black "Bayer, Bernhard"]
[Result "1-0"]
[WhiteElo "2365"]
[BlackElo "2298"]
[PlyCount "57"]

1.e4 e5 2.Nf3 Nc6 3.Bb5 a6 4.Ba4 Nf6 5.O-O Be7 6.Re1 b5 7.Bb3 d6 8.c3 O-O 9.d4
Bg4 10.d5 Na5 11.Bc2 Qc8 12.Nbd2 c6 13.dxc6 Qxc6 14.Nf1 Nc4 15.b3 Nb6 16.Bd2 h6
17.Rc1 Rfe8 18.Ng3 Bf8 19.h3 Be6 20.Bd3 g6 21.Be3 Rac8 22.Qe2 Nfd7 23.Qd2 Nc5
24.Nd4 exd4 25.cxd4 Qd7 26.dxc5 dxc5 27.Bxh6 Bxh6 28.Qxh6 c4 29.e5

[Event "2.Bl-West"]
[Site "Jenbach"]
[Date "2003.11.14"]
[Round "3"]
[Board "3"]
[White "Fuchs, Georg"]
[Black "Hanel, Reinhard"]
[Result "1-0"]
[WhiteElo "2252"]
[BlackElo "2307"]
[PlyCount "49"]

1.e4 c5 2.Nf3 Nc6 3.Nc3 Nf6 4.g3 d5 5.exd5 Nxd5 6.Bg2 g6 7.O-O Bg7 8.Re1 Nc7
9.Ne4 Ne6 10.d3 O-O 11.c3 b6 12.Nfg5 Nxg5 13.Nxg5 Bb7 14.Qa4 Rc8 15.Qh4 h6
16.Nf3 e6 17.Qh3 g5 18.Qh5 Qxd3 19.Nxg5 Na5 20.Ne4 f5 21.Rd1 Qc2 22.Rd7 fxe4
23.Rxg7+ Kxg7 24.Bxh6+ Kf6 25.Qg5+

[Event "2.Bl-West"]
[Site "Jenbach"]
[Date "2003.11.14"]
[Round "3"]
[Board "4"]
[White "Hager, Franz"]
[Black "Kondrak, Christof"]
[Result "1/2-1/2"]
[WhiteElo "2237"]
[BlackElo "2222"]
[PlyCount "67"]

1.d4 d5 2.c4 e6 3.Nc3 c6 4.cxd5 cxd5 5.Nf3 Nf6 6.Bf4 Bd6 7.e3 a6 8.Bd3 Nc6 9.O-O
b5 10.Rc1 Bxf4 11.exf4 Qb6 12.Bb1 O-O 13.Re1 Bb7 14.Qd3 Nb4 15.Qd2 a5 16.Ne5 Nc6
17.Rcd1 a4 18.Qd3 Nxe5 19.fxe5 Ne4 20.Qxb5 Qxb5 21.Nxb5 Bc6 22.Na3 f5 23.f3 Ng5
24.h3 Nf7 25.Rc1 Rfc8 26.Rc2 Nd8 27.Rec1 Rab8 28.Rd2 Rb4 29.Kf2 Rcb8 30.Rcc2 Be8
31.f4 Nc6 32.Ke3 Kf7 33.g3 Ke7 34.Rc5

[Event "2.Bl-West"]
[Site "Jenbach"]
[Date "2003.11.14"]
[Round "3"]
[Board "5"]
[White "Angerer, Helmut"]
[Black "Lickleder, Andreas"]
[Result "0-1"]
[WhiteElo "2178"]
[BlackElo "2227"]
[PlyCount "54"]

1.b3 Nf6 2.Bb2 d5 3.e3 Bg4 4.Qc1 Nbd7 5.h3 Bh5 6.g4 Bg6 7.Nf3 e6 8.Bg2 Bd6 9.d3
c6 10.Nh4 Qe7 11.Nd2 e5 12.e4 dxe4 13.dxe4 O-O-O 14.Nc4 Bb4+ 15.Kf1 Bxe4 16.Bxe4
Nxe4 17.Nf5 Qc5 18.Qe3 Qxe3 19.Nfxe3 f6 20.a3 Bf8 21.Kg2 Nb6 22.Nxb6+ axb6
23.Rad1 Bc5 24.f3 Nd6 25.Rhe1 Kc7 26.a4 Bxe3 27.Rxe3 Nc4

[Event "2.Bl-West"]
[Site "Jenbach"]
[Date "2003.11.14"]
[Round "3"]
[Board "1"]
[White "Blaskowski, Johannes"]
[Black "Herbrechtsmeier, Christof"]
[Result "1-0"]
[WhiteElo "2347"]
[BlackElo "2292"]
[PlyCount "117"]

1.e4 c5 2.Nf3 g6 3.d4 cxd4 4.Qxd4 Nf6 5.e5 Nc6 6.Qc4 d5 7.exd6 Qxd6 8.Nc3 e5
9.Ng5 Be6 10.Nxe6 Qxe6 11.Qxe6+ fxe6 12.Bg5 Nd5 13.Ne4 Be7 14.Bd2 Nd4 15.O-O-O
Rc8 16.c3 O-O 17.Kb1 Nf5 18.g3 Kg7 19.Be2 Nd6 20.Nxd6 Bxd6 21.Rhf1 Bc5 22.c4 Nf6
23.Bc3 Bd4 24.Bxd4 exd4 25.Rxd4 e5 26.Rdd1 Rc7 27.f3 Nd7 28.b3 Re8 29.Bd3 Nc5
30.Bc2 Rf7 31.Rd5 Nd7 32.Re1 Rfe7 33.Re3 Nf6 34.Rd1 Kf8 35.Kb2 Rc8 36.Rde1 Rce8
37.b4 b6 38.Ba4 Rc8 39.Bb5 e4 40.fxe4 Ng4 41.Rf3+ Kg7 42.Re2 Ne5 43.Rc3 Rd8
44.c5 bxc5 45.Rxc5 Rd1 46.Rd5 Rh1 47.a4 Kf6 48.Rf2+ Kg5 49.Be2 h5 50.b5 h4
51.gxh4+ Kxh4 52.a5 g5 53.b6 axb6 54.axb6 g4 55.Rb5 g3 56.hxg3+ Kxg3 57.Rf5 Re1
58.Rfxe5 Rxe2+ 59.Kc3

[Event "2.Bl-West"]
[Site "Jenbach"]
[Date "2003.11.14"]
[Round "3"]
[Board "2"]
[White "Kratochwil, Christian"]
[Black "Grundherr, Martin"]
[Result "0-1"]
[WhiteElo "2277"]
[BlackElo "2327"]
[PlyCount "70"]

1.c4 c6 2.e4 d5 3.cxd5 cxd5 4.exd5 Qxd5 5.Nc3 Qd6 6.d4 e6 7.Nf3 Nf6 8.Bd3 Be7
9.O-O O-O 10.Qe2 Nc6 11.Rd1 Nb4 12.Bb1 b6 13.Ne4 Ba6 14.Nxf6+ Bxf6 15.Qe4 g6
16.a3 Nd5 17.Bh6 Rfd8 18.Ba2 Rac8 19.Ne5 Bb7 20.Qe2 Rc7 21.Bb3 Bg7 22.Qd2 Bxh6
23.Qxh6 Qf8 24.Qh4 Qe7 25.Qh6 Qf6 26.Ng4 Qf4 27.Qh4 g5 28.Qh3 Nf6 29.Ne3 Rcd7
30.Qh6 Rxd4 31.h4 Ne4 32.Bxe6 Qxf2+ 33.Kh1 Rxd1+ 34.Rxd1 Rxd1+ 35.Nxd1 Ng3+

[Event "2.Bl-West"]
[Site "Jenbach"]
[Date "2003.11.14"]
[Round "3"]
[Board "3"]
[White "Mittelberger, Peter"]
[Black "Duer, Werner"]
[Result "0-1"]
[WhiteElo "2267"]
[BlackElo "2271"]
[PlyCount "80"]

1.e4 c6 2.d4 d5 3.Nc3 g6 4.Nf3 Bg7 5.Be2 Bg4 6.Be3 Nf6 7.e5 Nfd7 8.Ng5 Bxe2
9.Nxe2 e6 10.h4 h6 11.Nf3 c5 12.c3 cxd4 13.cxd4 Qa5+ 14.Bd2 Qa6 15.O-O Nc6 16.b4
Qd3 17.Rc1 g5 18.Rc3 Qh7 19.b5 Nd8 20.Qb3 gxh4 21.Rfc1 O-O 22.Re3 Nb6 23.Bb4 Re8
24.Nd2 f6 25.f4 fxe5 26.fxe5 Bf8 27.Bxf8 Rxf8 28.Rh3 Nf7 29.Rxh4 Ng5 30.Nf4 Rf7
31.Nh5 Qg6 32.Nf6+ Kg7 33.Rf1 Raf8 34.Nf3 Nd7 35.Nh5+ Kg8 36.Kh2 Rf5 37.Qc2 Ne4
38.Nf6+ Ndxf6 39.exf6 Qg3+ 40.Kg1 Rxf3

[Event "2.Bl-West"]
[Site "Jenbach"]
[Date "2003.11.14"]
[Round "3"]
[Board "4"]
[White "Lawitsch, Guenther"]
[Black "Eybl, Alexander"]
[Result "1-0"]
[WhiteElo "2270"]
[BlackElo "2251"]
[PlyCount "93"]

1.e4 g6 2.d4 Bg7 3.Nc3 c6 4.Bc4 d5 5.exd5 b5 6.Bb3 b4 7.Na4 cxd5 8.Nc5 Nf6 9.a3
bxa3 10.Rxa3 O-O 11.Nf3 Nbd7 12.Nd3 Nb6 13.Nfe5 Bd7 14.O-O Bb5 15.Re1 Ne4 16.Bf4
e6 17.c3 Qe7 18.Nb4 Rfc8 19.Qa1 g5 20.Be3 Nd6 21.Ra5 h6 22.f4 f6 23.Nf3 Be8
24.Nd2 Nf5 25.Bf2 Qf7 26.Qa2 gxf4 27.Nxd5 exd5 28.Rxd5 Kh8 29.Rxf5 Qc7 30.Rc5
Qb7 31.Bd1 Bc6 32.Rxc6 Qxc6 33.Bf3 Qd7 34.Bxa8 Rxa8 35.h3 Nd5 36.Nf3 Rd8 37.Qc4
h5 38.Qd3 Qf7 39.Qf5 Bh6 40.Ne5 Qh7 41.Qxh7+ Kxh7 42.Nc6 Rd7 43.Ra1 Kg6 44.Rxa7
Rxa7 45.Nxa7 Kf5 46.c4 Ne3 47.c5

[Event "2.Bl-West"]
[Site "Jenbach"]
[Date "2003.11.14"]
[Round "3"]
[Board "5"]
[White "Astl, Peter"]
[Black "Jannasch, Franz"]
[Result "1-0"]
[WhiteElo "2240"]
[BlackElo "2170"]
[PlyCount "65"]

1.Nf3 Nf6 2.b3 c5 3.e3 b6 4.Bb2 Ba6 5.c4 d5 6.Be2 dxc4 7.bxc4 e6 8.Ne5 Bb7 9.O-O
Bd6 10.f4 Nbd7 11.d4 O-O 12.Nc3 Rc8 13.Bd3 Bb8 14.Qc2 cxd4 15.exd4 h6 16.Rad1 a6
17.Kh1 Kh8 18.Qf2 Qe7 19.Qh4 Bd6 20.Rfe1 Ba3 21.Ba1 Bb4 22.f5 Nxe5 23.dxe5 Ng8
24.f6 Qc7 25.fxg7+ Kxg7 26.Qg4+ Kh8 27.Re3 Rcd8 28.Rg3 f5 29.exf6 Nxf6 30.Ne4 e5
31.Nxf6 Rxf6 32.Bxe5 Qf7 33.Qf4

[Event "2.Bl-West"]
[Site "Jenbach"]
[Date "2003.11.14"]
[Round "3"]
[Board "6"]
[White "Reiter, Franz"]
[Black "Neuschmied, Siegfried"]
[Result "1/2-1/2"]
[WhiteElo "2077"]
[BlackElo "2219"]
[PlyCount "78"]

1.e4 d6 2.f4 g6 3.d4 Bg7 4.Nf3 c5 5.c3 cxd4 6.Nxd4 Nf6 7.Bd3 O-O 8.O-O Nbd7
9.Qe2 Nc5 10.Nd2 e5 11.N4b3 Nxd3 12.Qxd3 Qb6+ 13.Kh1 Ng4 14.Qe2 Qe3 15.Qf3 exf4
16.Nc4 Qxf3 17.gxf3 Ne5 18.Nxd6 Bh3 19.Rd1 g5 20.Nd4 b6 21.b3 Rfd8 22.Ba3 Bf8
23.N6b5 Bc5 24.Bb2 a6 25.Nc7 Rac8 26.Nd5 Kf8 27.c4 Bxd4 28.Bxd4 Nxf3 29.Bxb6 Rd6
30.Rd3 Bg4 31.Kg2 Nh4+ 32.Kf2 Re6 33.Re1 Rce8 34.Bc5+ Kg7 35.Nc7 Kg6 36.Nxe8
Rxe8 37.Rd6+ Kh5 38.Bd4 a5 39.Bg7 Ng6

[Event "2.Bl-West"]
[Site "Jenbach"]
[Date "2003.11.14"]
[Round "3"]
[Board "1"]
[White "Bezold, Michael"]
[Black "Schmidt, Georg"]
[Result "1-0"]
[WhiteElo "2456"]
[BlackElo "2376"]
[PlyCount "97"]

1.c4 c5 2.g3 g6 3.Bg2 Bg7 4.Nc3 Nc6 5.d3 e5 6.Nf3 Nge7 7.Bg5 f6 8.Bd2 O-O 9.O-O
d6 10.Ne1 Be6 11.Nc2 d5 12.cxd5 Nxd5 13.a3 Rc8 14.b4 cxb4 15.axb4 Nxc3 16.Bxc3
a6 17.Qb1 Na7 18.Bd2 Qd7 19.Na3 Bd5 20.Bxd5+ Qxd5 21.Be3 Nb5 22.Nxb5 Qxb5 23.Ra5
Qc6 24.b5 Qc2 25.bxa6 bxa6 26.Rxa6 Qxe2 27.Ra7 Ra8 28.Qb3+ Kh8 29.Rfa1 Rab8
30.Qd5 Rg8 31.Rd7 Qc2 32.Raa7 g5 33.Kg2 Qe2 34.Qe6 g4 35.Qd5 e4 36.h4 gxh3+
37.Kxh3 Qf1+ 38.Kh2 Rbc8 39.Rxg7 Rxg7 40.Rxg7 Kxg7 41.Qd7+ Kg6 42.Qxc8 exd3
43.Qg8+ Kf5 44.Qxh7+ Ke5 45.Qe7+ Kf5 46.Bd4 Kg4 47.Qe4+ Kg5 48.Qf4+ Kh5 49.g4+

[Event "2.Bl-West"]
[Site "Jenbach"]
[Date "2003.11.14"]
[Round "3"]
[Board "3"]
[White "Gaertner, Guntram"]
[Black "Hamberger, Hermann"]
[Result "1/2-1/2"]
[WhiteElo "2340"]
[BlackElo "2157"]
[PlyCount "56"]

1.d4 Nf6 2.c4 c5 3.d5 e6 4.Nc3 exd5 5.cxd5 Bd6 6.e4 O-O 7.Bd3 Bc7 8.Bg5 h6 9.Bh4
d6 10.Nge2 Re8 11.O-O a6 12.a4 Nbd7 13.f4 Nf8 14.f5 N8h7 15.Nf4 Ba5 16.Nh5 c4
17.Bxf6 Nxf6 18.Nxf6+ Qxf6 19.Bxc4 Bxc3 20.bxc3 Rxe4 21.Bd3 Re5 22.c4 Qg5 23.Qc2
Bd7 24.a5 Rae8 25.Qf2 Re3 26.Rad1 Ba4 27.Rd2 Rf3 28.Qxf3 Qxd2

[Event "2.Bl-West"]
[Site "Jenbach"]
[Date "2003.11.14"]
[Round "3"]
[Board "4"]
[White "Hicker, Harald"]
[Black "Braun, Arik"]
[Result "0-1"]
[WhiteElo "2113"]
[BlackElo "2429"]
[PlyCount "90"]

1.Nf3 d5 2.d4 Nf6 3.c4 c6 4.Nc3 a6 5.e3 b5 6.cxd5 cxd5 7.Ne5 e6 8.Bd3 Bd6 9.f4
O-O 10.O-O Bb7 11.Qf3 Nbd7 12.a3 b4 13.axb4 Bxb4 14.Bd2 a5 15.Qe2 Qe7 16.Rfc1
Rfc8 17.Na4 Qd6 18.Bb5 Bxd2 19.Qxd2 Ne4 20.Rxc8+ Bxc8 21.Qc2 Rb8 22.Rc1 Nxe5
23.fxe5 Qf8 24.Qc7 Rxb5 25.Qxc8 g6 26.Qxf8+ Kxf8 27.Rc8+ Kg7 28.Ra8 Nd2 29.Nc3
Rxb2 30.Rxa5 Rc2 31.Nb5 Nc4 32.Ra7 Nxe3 33.Nd6 Rxg2+ 34.Kh1 Rf2 35.h4 Ng4 36.Kg1
Rf4 37.Kg2 Ne3+ 38.Kg3 Rf1 39.Ne8+ Kf8 40.Nf6 Nf5+ 41.Kg2 Rf4 42.Nxh7+ Kg7
43.Ng5 Nxd4 44.Kg3 Rf5 45.Kg4 Nc6

[Event "2.Bl-West"]
[Site "Jenbach"]
[Date "2003.11.14"]
[Round "3"]
[Board "5"]
[White "Feistenauer, Fred"]
[Black "Mroz, Thomas"]
[Result "1-0"]
[WhiteElo "2257"]
[BlackElo "2096"]
[PlyCount "37"]

1.c4 e6 2.g3 Nf6 3.Bg2 d5 4.Nf3 dxc4 5.Na3 c5 6.Nxc4 Nc6 7.b3 Be7 8.Bb2 O-O
9.O-O Nd5 10.e4 Ndb4 11.d4 Nxd4 12.Nxd4 cxd4 13.Bxd4 Nc6 14.Bb2 b5 15.Ne3 Qxd1
16.Rfxd1 Rd8 17.Rxd8+ Bxd8 18.Rd1 Ba6 19.e5

[Event "2.Bl-West"]
[Site "Jenbach"]
[Date "2003.11.14"]
[Round "3"]
[Board "6"]
[White "Nussbaecher, Andreas"]
[Black "Atlas, Dimitry"]
[Result "1/2-1/2"]
[WhiteElo "2168"]
[BlackElo "2281"]
[PlyCount "42"]

1.d4 d5 2.c4 c6 3.Nf3 e6 4.cxd5 cxd5 5.Nc3 Nf6 6.Bg5 Be7 7.e3 O-O 8.Be2 a6 9.O-O
b5 10.Ne5 Bb7 11.a4 b4 12.Na2 a5 13.Bb5 Ne4 14.Bxe7 Qxe7 15.Nc1 f6 16.Ned3 Bc6
17.Bxc6 Nxc6 18.Nb3 Rfc8 19.Rc1 Nd6 20.Nbc5 Nd8 21.b3 Rc6

[Event "2.Bl-West"]
[Site "Jenbach"]
[Date "2003.11.14"]
[Round "3"]
[Board "1"]
[White "Dizdar, Goran"]
[Black "Sermek, Drazen"]
[Result "1/2-1/2"]
[WhiteElo "2531"]
[BlackElo "2546"]
[PlyCount "57"]

1.Nf3 c5 2.c4 g6 3.e4 Bg7 4.d4 Qa5+ 5.Bd2 Qb6 6.Bc3 cxd4 7.Bxd4 Bxd4 8.Qxd4 Qxd4
9.Nxd4 d6 10.Nc3 Nc6 11.Nxc6 bxc6 12.c5 Nf6 13.cxd6 exd6 14.O-O-O Ke7 15.Bc4 Ng4
16.Rd2 Be6 17.Bxe6 fxe6 18.f3 Ne5 19.Rhd1 Rhd8 20.f4 Nc4 21.Re2 Rf8 22.g3 e5
23.b3 Nb6 24.fxe5 dxe5 25.Red2 Rf3 26.Na4 Nxa4 27.Rd7+ Kf6 28.bxa4 Rc3+ 29.Kb2

[Event "2.Bl-West"]
[Site "Jenbach"]
[Date "2003.11.14"]
[Round "3"]
[Board "2"]
[White "Maiwald, Jens-Uwe"]
[Black "Schmittdiel, Eckhard"]
[Result "1/2-1/2"]
[WhiteElo "2543"]
[BlackElo "2483"]
[PlyCount "74"]

1.e4 c5 2.d3 Nc6 3.g3 d5 4.Nd2 Nf6 5.Bg2 g6 6.Ngf3 Bg7 7.O-O O-O 8.c3 b6 9.Re1
Bb7 10.e5 Ne8 11.h4 f6 12.exf6 exf6 13.Nf1 Qd7 14.Bf4 Nd6 15.Ne3 Nf7 16.d4 Rad8
17.Qd2 cxd4 18.cxd4 Rfe8 19.Nd1 Rxe1+ 20.Nxe1 g5 21.hxg5 fxg5 22.Be3 h6 23.Nc3
Ne7 24.Nc2 Nd6 25.Qd3 Qe6 26.Re1 Qf7 27.Re2 Rf8 28.b3 Ndf5 29.Bc1 Rd8 30.Ba3 g4
31.Bxe7 Nxe7 32.Ne3 h5 33.Rd2 Qf6 34.a3 Kh8 35.b4 Bh6 36.Re2 Bg7 37.Rd2 Bh6

[Event "2.Bl-West"]
[Site "Jenbach"]
[Date "2003.11.14"]
[Round "3"]
[Board "3"]
[White "Duer, Arne"]
[Black "Gross, David"]
[Result "0-1"]
[WhiteElo "2375"]
[BlackElo "2458"]
[PlyCount "51"]

1.c4 e5 2.g3 Nf6 3.Bg2 Nc6 4.Nc3 Bb4 5.Nd5 Bc5 6.d3 O-O 7.Nf3 h6 8.O-O d6 9.e3
a6 10.b3 Ba7 11.Bb2 Nxd5 12.cxd5 Ne7 13.Nd2 f5 14.Qc2 f4 15.Rae1 Nf5 16.exf4
exf4 17.gxf4 Nh4 18.Qc3 Rf7 19.Be4 Bh3 20.Kh1 Bxf1 21.Rxf1 Qd7 22.Qb4 Bb6 23.Nc4
Qh3 24.Rg1 Bxf2 25.Qxb7 Raf8 26.Bg2

[Event "2.Bl-West"]
[Site "Jenbach"]
[Date "2003.11.14"]
[Round "3"]
[Board "4"]
[White "Tabernig, Bernhard"]
[Black "Pilz, Dieter"]
[Result "1/2-1/2"]
[WhiteElo "2368"]
[BlackElo "2349"]
[PlyCount "119"]

1.d4 Nf6 2.c4 c5 3.d5 d6 4.Nc3 g6 5.e4 Bg7 6.Nf3 O-O 7.h3 e6 8.Bd3 exd5 9.cxd5
a6 10.O-O b5 11.a3 Nbd7 12.Bf4 Ne8 13.Qd2 Bb7 14.Rfe1 Qe7 15.Rad1 Rd8 16.Bb1 f6
17.b4 Ne5 18.Nxe5 fxe5 19.Be3 cxb4 20.axb4 Nf6 21.Bg5 Rc8 22.Ba2 h6 23.Be3 Kh7
24.Rc1 Nh5 25.Ne2 Qh4 26.f3 Qf6 27.Bb6 Nf4 28.Rxc8 Bxc8 29.Nxf4 exf4 30.Rc1 Bd7
31.Rc7 Rf7 32.Kf2 Be8 33.Ke2 h5 34.Rc8 Rb7 35.Bd8 Qe5 36.Ra8 Qa1 37.Rc8 Qg1
38.Kd3 Bd7 39.Rc1 Qd4+ 40.Ke2 Qe5 41.Rc6 Qe8 42.Ba5 Be5 43.Rxa6 g5 44.Qc2 Kg7
45.Rc6 g4 46.hxg4 hxg4 47.Rc7 gxf3+ 48.gxf3 Qg6 49.Kf1 Rxc7 50.Qxc7 Qf7 51.Ke2
Kg6 52.Bb6 Qh7 53.Bf2 Qh3 54.Bb1 Bg4 55.fxg4 Qxg4+ 56.Kd2 Qf3 57.Qb6 Qc3+ 58.Kd1
Qf3+ 59.Kc1 Qa3+ 60.Kd1

[Event "2.Bl-West"]
[Site "Jenbach"]
[Date "2003.11.14"]
[Round "3"]
[Board "5"]
[White "Ferrari, Josef"]
[Black "Kroell, Johannes"]
[Result "0-1"]
[WhiteElo "2226"]
[BlackElo "2192"]
[PlyCount "76"]

1.d4 d6 2.c4 g6 3.Nc3 Bg7 4.e4 Nc6 5.Be3 e5 6.Nge2 f5 7.f3 Nf6 8.d5 Ne7 9.Nc1
O-O 10.Be2 Nh5 11.Nd3 c5 12.O-O h6 13.a3 g5 14.b4 b6 15.a4 Nf4 16.Qb3 Nxe2+
17.Nxe2 fxe4 18.fxe4 Bg4 19.Nc3 Ng6 20.Rxf8+ Bxf8 21.a5 Nf4 22.Nf2 Ne2+ 23.Nxe2
Bxe2 24.Qa2 Bh5 25.axb6 Qxb6 26.bxc5 dxc5 27.Rb1 Qc7 28.g4 Be8 29.Nd3 a5 30.Qa3
Rc8 31.Qb2 Bd6 32.Qf2 Bg6 33.Qf6 Kh7 34.Nf2 Rf8 35.Qe6 Kg7 36.Rb7 Qxb7 37.Qxd6
Qb1+ 38.Kg2 Bxe4+

[Event "2.Bl-West"]
[Site "Jenbach"]
[Date "2003.11.14"]
[Round "3"]
[Board "6"]
[White "Schiestl, Josef"]
[Black "Gerhold, Michael"]
[Result "1/2-1/2"]
[WhiteElo "2155"]
[BlackElo "2223"]
[PlyCount "72"]

1.e4 c5 2.Nf3 Nc6 3.d4 cxd4 4.Nxd4 g6 5.Nc3 Bg7 6.Be3 Nf6 7.Bc4 Qa5 8.O-O O-O
9.Nb3 Qd8 10.Be2 d6 11.f4 Be6 12.Kh1 Qd7 13.Qd2 Rfc8 14.Rad1 Bg4 15.Bf3 Bxf3
16.gxf3 Qh3 17.Rf2 e6 18.Rg1 d5 19.Rg3 Qh4 20.Rfg2 Rd8 21.Qf2 Nh5 22.Rg4 Qxf2
23.Bxf2 f5 24.Rh4 Kf7 25.exd5 exd5 26.Nc5 Bf6 27.Rh3 Nxf4 28.Rxh7+ Kg8 29.Rxb7
Nxg2 30.Kxg2 Na5 31.Rb5 Bxc3 32.bxc3 Nc6 33.Ne6 Rd6 34.Nf4 a6 35.Rb6 g5 36.Bc5
Rh6

[Event "2.Bl-West"]
[Site "Jenbach"]
[Date "2003.11.15"]
[Round "4"]
[Board "1"]
[White "Kelecevic, Nedeljko"]
[Black "Sermek, Drazen"]
[Result "1/2-1/2"]
[WhiteElo "2381"]
[BlackElo "2546"]
[PlyCount "25"]

1.d4 g6 2.c4 Bg7 3.Nc3 c5 4.d5 Bxc3+ 5.bxc3 f5 6.g4 fxg4 7.e4 d6 8.h3 g3 9.f4
Nf6 10.Bg2 Qa5 11.Ne2 Nbd7 12.O-O O-O 13.Qd3